|
|
|
|
| LEADER |
00933nam a2200241 a 4500 |
| 001 |
14014904 |
| 008 |
091123s2005 dcua b i000 0 eng d |
| 010 |
|
|
|a 2005051255
|
| 020 |
|
|
|a 0821363565 (pbk.)
|
| 020 |
|
|
|a 0821363573
|
| 040 |
|
|
|a DLC
|c DLC
|d DLC
|
| 082 |
0 |
0 |
|a 330.95843/086
|2 22
|
| 245 |
0 |
0 |
|a Enhancing the prospects for growth and trade of the Kyrgyz Republic.
|
| 260 |
|
|
|a Washington, D.C. :
|b World Bank,
|c c2005.
|
| 300 |
|
|
|a xxix, 180 p. :
|b ill. ;
|c 26 cm.
|
| 490 |
0 |
|
|a A World Bank country study,
|x 0253-2123
|
| 504 |
|
|
|a Includes bibliographical references (p. 177-180).
|
| 541 |
1 |
|
|e 00014053
|
| 651 |
|
0 |
|a Kyrgyzstan
|x Economic conditions
|y 1991-
|
| 651 |
|
0 |
|a Kyrgyzstan
|x Commercial policy.
|
| 852 |
4 |
|
|a Ayesha Abed Library
|j General Shelf
|
| 999 |
|
|
|c 5903
|d 5903
|
| 952 |
|
|
|0 0
|1 0
|2 ddc
|4 0
|6 330_958430860000000_ENH_2005
|7 0
|9 5890
|a BRACUL
|b BRACUL
|c GEN
|d 2009-12-06
|l 0
|o 330.95843086 ENH
|p 3010014053
|r 2009-12-06
|t 1
|w 2009-12-06
|y BK
|